000 00531nam a22001937a 4500
003 koha_MIRAKIL
005 20250912151258.0
008 231213b |||||||| |||| 00| 0 ||| d
020 _a9781904550204
040 _aTR-IsEVY
_btur
_cTR-IsEVY
082 _a398.2 JAC
100 _aillustrated by Barbara Vagnozzi.
245 0 _aJack and the beanstalk
260 _bChild's Play,
_c2004
300 _a24 unnumbered pages
650 _aİngiliz Dili.
_vMasallar.
650 _aEnglish Language.
_vFairytales.
942 _2ddc
_cBK
999 _c17489
_d17489